000 00691nam a2200145 4500
999 _c8314
_d8314
020 _a9780521734516
050 _aRT82.8
_b.C83
100 _aCourtenay Molly
245 _aAdvanced nursing skills :
_bprinciples and practice
_cMolly Courtenay
260 _aLondon :
_bGreenwich Medical Media
_c2000
300 _aix, 124 pages :
_billustrations ;
_c24 cm
500 _aIncludes Index
505 _aVenepuncture -- Peripheral intravenous cannulation -- Intravenous drug administration -- Reading and interpreting the electrocardiogram -- Defibrillation -- Nutritional assessment and enteral tube feeding -- Suturing -- Male catheterization -- Appendix: Glossary of terms.
942 _cBK